000 01467cam a2200493 4500
008 090401t1995 xxu||||| |||| 00| 0 eng d
020 _a0419189408
035 _a(Sirsi) u69468
041 _aeng
050 _a711.4094
_c18
245 _aEuropean cities, planning systems and property markets.
260 _aLondon
_bE & F N Spon
_c1995
300 _axvii, 417p.
_c24cm.
350 _a39.50
520 _aLooks at the interaction between the planning systems and property markets in 17 European cities. Examines cities at all stages of economic development in both East and West and sees how all are trying to combine local economic development objectives with policies attractive to international investors.
650 _aAMSTERDAM
650 _aATHENS
650 _aBARCELONA
650 _aBERLIN
650 _aBRUSSELS
650 _aBUDAPEST
650 _aCOPENHAGEN
650 _aDUBLIN
650 _aDUSSELDORF
650 _aEASTERN EUROPE
650 _aECONOMIC DEVELOPMENT
650 _aEDINBURGH
650 _aEUROPE
650 _aHELSINKI
650 _aLONDON
650 _aPARIS
650 _aPLANNING SYSTEM
650 _aPRAGUE
650 _aPROPERTY INVESTMENT
650 _aPROPERTY MARKET
650 _aROME
650 _aSTOCKHOLM
650 _aWARSAW
690 _aOVERSEAS-EUROPE
700 _aBerry, James
_xEditor
700 _aMcGreal, Stanley
_xEditor
942 _n0
948 _c04/03/1997
999 _c95199
_d95199